000
00305nam a22001457a 4500
008
230907b ||||| |||| 00| 0 eng d
020
_a
9780521300384
041
_a
eng
080
_a
521
082
_a
521MUR
100
_a
19
101
_a
ASTRO
245
_a
SUPERNOVAE
_c
MURDIN.L.P
942
_2
udc
_c
BK
999
_c
60298
_d
60298